000 01153nam a22003617a 4500
001 000642
003 DO-SdBPM
005 20260318125019.0
007 ta
008 161104b 2009 uy a ||||| |||| 00| 0 spa d
020 _a9789707704435
040 _aDO-SdBPM
_bspa
_cBPMSU
_erda
082 0 4 _a A863.44
_b M339p 2009
_222
100 1 _aMariño, Ricardo
_eautor
_d1956-
_4aut.
_954
245 1 0 _aPerdido en la selva /
_cRicardo Mariño ; ilustraciones Marcelo Elizalde.
250 _a
264 _aUruguay :
_bAlfaguara,
_c2009
300 _a61 páginas :
_bilustraciones ;
_c20 cm.
336 _atexto
_btxt
_2rdacontent
337 _asin mediación
_bn
_2rdamedia
338 _avolumen
_bnc
_2rdacarrier
490 0 _aAlfaguara infantil.
500 _aDesde 10 años
500 _aIncluye datos biográficos del autor.
500 _a
590 _aInventariado, 2026/VM
650 7 _a Cuentos infantiles argentinos
650 7 _aCuentos de aventuras
_v
650 7 _aLiteratura infantil argentina
700 1 _aElizalde, Marcelo,
_eilustración
910 _aVMateo V. Control de calidad BPMSU
942 _2ddc
_cBK
999 _c11786
_d11786